00841cam a22002418i 450000100060000000300090000600500170001500800410003202000420007304000130011508200280012810000290015624500810018526400390026630000320030549000450033750400510038265000400043365000400047365100540051394200150056799900170058226997BD-DhIUB20230910115237.0170119s2017 enk b 001 0 eng  a9781138777736 (hardback : alk. paper) cBD-DhIUB00223a307.76095195bY952g1 aYun, Jieheerah,eauthor.10aGlobalizing Seoul :bthe city's cultural and urban change /c Jieheerah Yun. 1aNew York, NY :bRoutledge,cc2017. a170 p. : bill. ; c24 cm. 0 aPlanning, history and environment series aIncludes bibliographical references and index. 0aUrbanizationzKorea (South)zSeoul. 0aUrban policyzKorea (South)zSeoul. 0aSeoul (Korea)xEconomic conditionsy21st century. 2ddccBKn0 c26997d26956